| 000 | 00619nam a22001937a 4500 | ||
|---|---|---|---|
| 003 | NUST | ||
| 005 | 20250221114312.0 | ||
| 008 | 170928b xxu||||| |||| 00| 0 eng d | ||
| 040 | _cNUST | ||
| 082 | _a200 | ||
| 100 |
_aSaleem,Madeeha _95077 |
||
| 245 |
_aExploring the determinants of hundi system using data on migration from Pakistan to Saudi Arabia/ _cMadeeha Saleem, |
||
| 260 |
_aIslamabad _c2016 _bS3H-NUST |
||
| 300 | _a44p | ||
| 600 |
_xMS- Economics _9127866 |
||
| 700 |
_a Supervisor: Dr. Ather Maqsood Ahmed _9124809 |
||
| 856 | _uhttp://10.250.8.41:8080/xmlui/handle/123456789/3381 | ||
| 942 |
_2ddc _cSC |
||
| 999 |
_c331442 _d331442 |
||